[Event "Barcelona Sant Marti op-B 23rd"]
[Site "Barcelona"]
[Date "2023.07.21"]
[Round "9"]
[White "Llop Ruiz, Ruben Fernando"]
[Black "Cabra Fernandez, Maria"]
[Result "1/2-1/2"]
[WhiteElo "1365"]
[BlackElo "1614"]
[PlyCount "59"]
[EventDate "2023.07.13"]
[EventType "swiss"]
[EventRounds "9"]
[EventCountry "ESP"]
[SourceTitle "CBM 215 Extra"]
[Source "ChessBase"]
[SourceDate "2023.09.30"]
[SourceVersion "1"]
[SourceVersionDate "2023.09.30"]
[SourceQuality "1"]

1. e4 e5 2. Nf3 Nc6 3. Bc4 Bc5 4. c3 Nf6 5. d3 a6 6. Bg5 0-0 7. 0-0 h6 8. Bh4 Be7 9. Bg3 Bd6 10. Bb3 Re8 11. Nh4 Be7 12. Nf5 d6 13. Nxe7+ Nxe7 14. Nd2 Bg4 15. Nf3 Nh5 16. Bxf7+ Kxf7 17. Ng5+ hxg5 18. Qxg4 Nxg3 19. Qxg3 Ng6 20. Qf3+ Kg8 21. d4 Rf8 22. Qe3 Kf7 23. dxe5 dxe5 24. Rad1 Qe7 25. Qd3 Rad8 26. Qc4+ Qe6 27. Qxc7+ Qe7 28. Qc4+ Qe6 29. Qc7+ Qe7 30. Qc4+ 1/2-1/2

[Event "Barcelona Sant Marti op-B 23rd"]
[Site "Barcelona"]
[Date "2023.07.20"]
[Round "8"]
[White "Cabra Fernandez, Maria"]
[Black "Essakkal Martinez, Yassin"]
[Result "0-1"]
[WhiteElo "1614"]
[BlackElo "1317"]
[PlyCount "72"]
[EventDate "2023.07.13"]
[EventType "swiss"]
[EventRounds "9"]
[EventCountry "ESP"]
[SourceTitle "CBM 215 Extra"]
[Source "ChessBase"]
[SourceDate "2023.09.30"]
[SourceVersion "1"]
[SourceVersionDate "2023.09.30"]
[SourceQuality "1"]

1. d4 d5 2. c4 c6 3. Nc3 Nf6 4. Bg5 Bf5 5. Nf3 Nbd7 6. e3 h6 7. Bh4 e6 8. Ne5 Be7 9. Bxf6 Bxf6 10. Nxd7 Qxd7 11. Bd3 Bxd3 12. Qxd3 0-0 13. 0-0 Rfe8 14. cxd5 exd5 15. Rad1 Bd8 16. e4 dxe4 17. Nxe4 Qd5 18. Nc3 Qh5 19. Rde1 Ba5 20. Rxe8+ Rxe8 21. Ne4 Qd5 22. Nc3 Bxc3 23. Qxc3 Qxa2 24. b4 Re2 25. Qh3 Qa6 26. Rd1 Rd2 27. Re1 Rxd4 28. Qf5 Rd8 29. h4 Qc4 30. Re7 Rd1+ 31. Kh2 Qxh4+ 32. Qh3 Qxe7 33. Qc8+ Rd8 34. Qg4 Qd6+ 35. g3 Qd4 36. Qxd4 Rxd4 0-1

[Event "Barcelona Sant Marti op-B 23rd"]
[Site "Barcelona"]
[Date "2023.07.17"]
[Round "5"]
[White "Fernandez Garcia, Josep"]
[Black "Cabra Fernandez, Maria"]
[Result "1-0"]
[WhiteElo "1357"]
[BlackElo "1614"]
[PlyCount "89"]
[EventDate "2023.07.13"]
[EventType "swiss"]
[EventRounds "9"]
[EventCountry "ESP"]
[SourceTitle "CBM 215 Extra"]
[Source "ChessBase"]
[SourceDate "2023.09.30"]
[SourceVersion "1"]
[SourceVersionDate "2023.09.30"]
[SourceQuality "1"]

1. e4 e5 2. Nf3 Nc6 3. Bc4 Bc5 4. c3 Nf6 5. d3 0-0 6. Bb3 a6 7. Nbd2 d5 8. exd5 Nxd5 9. 0-0 Nf6 10. Bc2 Bg4 11. Re1 Re8 12. h3 Bh5 13. Nf1 b5 14. Ng3 Bxf3 15. Qxf3 Qd6 16. Ne4 Nxe4 17. Qxe4 b4 18. d4 Bb6 19. Qxh7+ Kf8 20. Qh8+ Ke7 21. Qxg7 Rg8 22. Bg5+ Ke8 23. Qxg8+ Qf8 24. Qxf8+ Kxf8 25. dxe5 bxc3 26. Be4 Nd4 27. bxc3 Re8 28. cxd4 Bxd4 29. Rac1 Rxe5 30. Bd3 Rxg5 31. Rxc7 a5 32. Re4 Bb6 33. Rc8+ Kg7 34. Rg4 Rxg4 35. hxg4 Kh6 36. a4 Kg5 37. Rg8+ Kf6 38. Kf1 Ke5 39. Rg5+ Kd4 40. Bb5 Bd8 41. Rf5 f6 42. f4 Ke4 43. Bc6+ Kd4 44. g5 fxg5 45. fxg5 1-0